| 000 | 00777cam a22002417a 4500 | ||
|---|---|---|---|
| 020 | _a9789251067956 | ||
| 020 | _a9251067953 | ||
| 040 | _cNLE | ||
| 082 | _a338 FOO 2011 A016 Or. | ||
| 100 | 1 | _aTurral, Hugh. | |
| 245 | 1 | 0 | _aClimate change, water and food security / |
| 260 |
_aRome : _bFood and Agriculture Organization of the United Nations, _c2011. |
||
| 300 |
_axxvi, 174 p. : _bcol. ill., col. map. ; _c30 cm. |
||
| 490 | 1 | _aFAO water reports, | |
| 650 | 0 | _aWater-supply, Agricultural. | |
| 650 | 0 | _aFood security. | |
| 650 | 0 | _aClimatic changes. | |
| 700 | 1 | _aBurke, Jacob J. | |
| 700 | 1 | _aFaurès, Jean-Marc. | |
| 710 | 2 | _aFood and Agriculture Organization of the United Nations. | |
| 856 | 4 | 1 | _uhttp://www.fao.org/docrep/014/i2096e/i2096e.pdf |
| 942 | _cEK | ||
| 999 |
_c11879 _d11879 |
||